000 00702nam a2200205 4500
005 20210816152800.0
008 210816s1993 pe bd||fr|||| 001 0 spa d
040 _aCENDOC CAAAP
_bspa
_cCAAAP
041 _aspa
050 _aHA 1068.RL
_bP45 1993
245 _aCensos nacionales 1993 :
_bregión Loreto. Resultados del Censo de población (estadística preliminar)
250 _a1ra ed.
260 _aLima:
_bINEI,
_c1993
300 _a87 p.:
_bgráficas, mapas ;
_c25 cm.
505 _aContiene : Análisis de resultados preliminares - -Resumen estadístico regional -- Anexos.
650 1 0 _91407
_aCensos
650 2 0 _93296
_aPoblación
650 2 0 _93768
_aVivienda
942 _2lcc
_b16 - 08 - 21
_cBK
999 _c2203
_d2203